000 00363nam a22001577a 4500
003 OSt
008 260324b |||||||| |||| 00| 0 eng d
020 _a9789364481762
082 _a294.5923 DUM
100 _aDUTT,Ramnaryan
245 _aMahabharat Vol.2
250 _a21th Ed
260 _aGorakhpur
_bGeeta Press
_c2025
300 _a1215p
942 _2ddc
_cREF
999 _c13891
_d13891